|
|
|
|
| LEADER |
00000nab a2200000uu 4500 |
| 001 |
vtls010895039 |
| 003 |
SK-MaSNL |
| 005 |
20260303142049.0 |
| 008 |
230222|1974 xo |||||||||||||||||cze| |
| 015 |
|
|
|a SNBRB
|
| 035 |
|
|
|a (urnnbn)urn:nbn:sk:snk:ar-006hbx
|
| 035 |
|
|
|a (uuid)7e7c6c8a-aba4-416a-bf72-1fee61c9a6fb
|
| 035 |
|
|
|a urn:nbn:sk:snk-ab8o12
|
| 040 |
|
|
|a SNKBUCL
|b slo
|c SNKBUCL
|e AACR2
|
| 041 |
0 |
|
|a cze
|
| 044 |
|
|
|a xo
|c SK
|
| 100 |
1 |
|
|a Sobotka, Zdeněk
|4 aut
|9 367680
|
| 245 |
1 |
0 |
|a PLASTICKÁ ÚNOSNOST KRUHOVÝCH A ELIPTICKÝCH DESEK
|c Zdeněk Sobotka
|
| 773 |
0 |
|
|t Stavebnícky časopis : mesačník pre teoretické problémy stavebných látok a konštrukcií
|g Roč. 22, č. 10 (1974), s. 603-636
|
| 958 |
|
|
|a OND
|
| 958 |
|
|
|a EUIPO
|
| 958 |
|
|
|a article10
|
| 999 |
|
|
|c 1980511
|d 1982441
|